000 00740nam a2200241 a 4500
001 BRL_186
005 20190320210627.0
008 930610s1980 mx-ab####b---s000-0#spa-d
040 _aMnU
_cMnU
_dMxMI
050 4 _aF1221.L2
_b.V68 1980
100 1 _aVos, Jan de,
_d1936-
_923165
245 1 0 _aLa paz de Dios y del Rey
_bla conquista de la selva Lacandona, 1525-1821
_cJan de Vos.
260 _aMéxico
_bFonapas
_c1980
300 _a523 p.
_bil.
_c20 cm.
440 0 _aColeccion ceiba
_pEnsayo
_v10
_923166
500 _aAu256
500 _aIncluye dedicatoria a Ruth Lechuga
504 _aBibliografía: p. 431-505
650 1 4 _aLacandones
_xHistoria
_923167
651 4 _aChiapas
_xAntigüedades
_912639
902 _aGRL
942 _2lcc
_cB
999 _c8999
_d8999